000 00332nam a2200109Ia 4500
008 171211s9999 xx 000 0 und d
245 _aFair Trade, Corporate Accountability and Beyond
245 _cKate Macdonald and Shelley Marshall
260 _c2010
650 _xBUSINESS
856 _uhttp://down.ebook777.com/062/0754674398.pdf
999 _c349486
_d349486